Un asunto redondo : (Registro nro. 268405)

Detalles MARC
000 -LEADER
fixed length control field 02098nam a2200505Ii 4500
001 - CONTROL NUMBER
control field DIGIBE0882
003 - CONTROL NUMBER IDENTIFIER
control field NyNyDIG
006 - FIXED-LENGTH DATA ELEMENTS--ADDITIONAL MATERIAL CHARACTERISTICS
fixed length control field m o d
007 - PHYSICAL DESCRIPTION FIXED FIELD--GENERAL INFORMATION
fixed length control field cr |||||||||||
008 - FIXED-LENGTH DATA ELEMENTS--GENERAL INFORMATION
fixed length control field 220216s2005 gw a ob 000 0 spa d
035 ## - SYSTEM CONTROL NUMBER
System control number (OCoLC)1100463756
040 ## - CATALOGING SOURCE
Original cataloging agency DGITA
Language of cataloging eng
Description conventions rda
-- pn
Transcribing agency DGITA
020 ## - INTERNATIONAL STANDARD BOOK NUMBER
International Standard Book Number 9783964560049
Qualifying information eBook
-- pdf
020 ## - INTERNATIONAL STANDARD BOOK NUMBER
Canceled/invalid ISBN 9783865272034
Qualifying information Vervuert
020 ## - INTERNATIONAL STANDARD BOOK NUMBER
Canceled/invalid ISBN 9788484891932
Qualifying information Iberoamericana
043 ## - GEOGRAPHIC AREA CODE
Geographic area code nccr---
-- ncpn---
050 14 - LIBRARY OF CONGRESS CALL NUMBER
Classification number F1545.3.S35 ebook
082 04 - DEWEY DECIMAL CLASSIFICATION NUMBER
Classification number 930
100 1# - MAIN ENTRY--PERSONAL NAME
Personal name Thiemer-Sachse, Ursula,
Relator term author.
245 13 - TITLE STATEMENT
Title Un asunto redondo :
Remainder of title reflexiones sobre las sociedades autóctonas en la región del Diquís/Costa Rica y Panamá, durante los últimos siglos antes de la conquista española y la importancia de las famosas bolas de piedra /
Statement of responsibility, etc. Ursula Thiemer-Sachse.
264 #1 - PRODUCTION, PUBLICATION, DISTRIBUTION, MANUFACTURE, AND COPYRIGHT NOTICE
Place of production, publication, distribution, manufacture Frankfurt am Main :
Name of producer, publisher, distributor, manufacturer Vervuert ;
Place of production, publication, distribution, manufacture Madrid :
Name of producer, publisher, distributor, manufacturer Iberoamericana,
Date of production, publication, distribution, manufacture, or copyright notice [2005]
300 ## - PHYSICAL DESCRIPTION
Extent 1 online resource :
Other physical details illustrations.
336 ## - CONTENT TYPE
Content type term text
Content type code txt
Source rdacontent
337 ## - MEDIA TYPE
Media type term computer
Media type code c
Source rdamedia
338 ## - CARRIER TYPE
Carrier type term online resource
Carrier type code cr
Source rdacarrier
347 ## - DIGITAL FILE CHARACTERISTICS
File type text file
Source rdaft
347 ## - DIGITAL FILE CHARACTERISTICS
Encoding format PDF
490 1# - SERIES STATEMENT
Series statement Berliner Lateinamerika-Forschungen ;
Volume/sequential designation Bd. 16
504 ## - BIBLIOGRAPHY, ETC. NOTE
Bibliography, etc. note Includes bibliographical references.
588 0# - SOURCE OF DESCRIPTION NOTE
Source of description note Online resource; title from PDF title page (Digitalia, viewed February 16, 2022)
650 #0 - SUBJECT ADDED ENTRY--TOPICAL TERM
Topical term or geographic name entry element Indian sculpture
Geographic subdivision Costa Rica.
650 #0 - SUBJECT ADDED ENTRY--TOPICAL TERM
Topical term or geographic name entry element Indian sculpture
Geographic subdivision Panama.
650 #0 - SUBJECT ADDED ENTRY--TOPICAL TERM
Topical term or geographic name entry element Stone carving
Geographic subdivision Costa Rica.
650 #0 - SUBJECT ADDED ENTRY--TOPICAL TERM
Topical term or geographic name entry element Stone carving
Geographic subdivision Panama.
651 #0 - SUBJECT ADDED ENTRY--GEOGRAPHIC NAME
Geographic name Costa Rica
General subdivision Antiquities.
651 #0 - SUBJECT ADDED ENTRY--GEOGRAPHIC NAME
Geographic name Panama
General subdivision Antiquities.
655 #0 - INDEX TERM--GENRE/FORM
Genre/form data or focus term Electronic books.
791 2# -
-- Digitalia (Firm),
-- distributor.
793 0# -
-- Digitalia eBook Collection:
-- Iberoamericana/Vervuert
776 08 - ADDITIONAL PHYSICAL FORM ENTRY
Relationship information Print version:
Main entry heading Thiemer-Sachse, Ursula.
Title Asunto redondo.
Place, publisher, and date of publication Frankfurt am Main : Vervuert ; Madrid : Iberoamericana, [2005]
International Standard Book Number 9788484891932
830 #0 - SERIES ADDED ENTRY--UNIFORM TITLE
Uniform title Berliner Lateinamerika-Forschungen ;
Volume/sequential designation Bd. 16.
856 40 - ELECTRONIC LOCATION AND ACCESS
Materials specified Digitalia Hispánica
Uniform Resource Identifier <a href="https://www.digitaliapublishing.com/a/101748/">https://www.digitaliapublishing.com/a/101748/</a>
910 ## - USER-OPTION DATA (OCLC)
User-option data Premium collection: 2022
942 ## - ADDED ENTRY ELEMENTS (KOHA)
Koha item type Recurso Electrónico
Existencias
Withdrawn status Lost status Damaged status Not for loan Collection Home library Current library Date acquired Total checkouts Date last seen Price effective from Koha item type
        Digitalia Ebooks Hispanica Biblioteca Digital UIN Biblioteca Digital UIN 04/25/2025   04/25/2025 04/25/2025 Recurso Electrónico

CONTACTO


NOSOTROS


SITIOS DE INTERES

coordinacion.biblioteca.biblioteca@unienlinea.mx Misión, Visión y Objetivos Bases de datos
Directorio Bibliotecas Digitales y Repositorios
Normatividad Revistas y artículos
Convenios interbibliotecarios
Boletines



Hecho en México. Universidad Insurgentes (UIN). Todos los derechos reservados 2024. Esta página y sus contenidos pueden ser reproducidos con fines no lucrativos, siempre y cuando no se mutile, se cite la fuente completa y su dirección electrónicas. De otra forma requiere permiso previo por escrito de la institución




2024 Copyright Universidad Insurgentes | www.bibliouin.com.mx